[Event "V. Dvorkovich Cup 2015 juniors"]
[Site "Moscow"]
[Date "2015.06.27"]
[Round "5.6"]
[White "Antipov Dv.PRL, Mikhail Al."]
[Black "Dai CHN, Changren"]
[Result "1/2-1/2"]
[LiveChessVersion "1.4.4"]
[BlackElo "2295"]
[WhiteElo "2523"]

1. e4 {[%clk 1:30:57]} c5 {[%clk 1:30:48]} 2. Nf3 {[%clk 1:31:16]} Nc6
{[%clk 1:31:13]} 3. d4 {[%clk 1:31:41]} cxd4 {[%clk 1:31:38]} 4. Nxd4
{[%clk 1:32:07]} Nf6 {[%clk 1:31:11]} 5. Nc3 {[%clk 1:32:30]} d6 {[%clk 1:31:34]}
6. Bg5 {[%clk 1:32:55]} e6 {[%clk 1:31:53]} 7. Qd2 {[%clk 1:33:18]} a6
{[%clk 1:32:17]} 8. O-O-O {[%clk 1:33:24]} Bd7 {[%clk 1:32:42]} 9. f3
{[%clk 1:33:46]} b5 {[%clk 1:31:36]} 10. Nxc6 {[%clk 1:32:54]} Bxc6
{[%clk 1:32:04]} 11. Ne2 {[%clk 1:31:22]} Bb7 {[%clk 1:32:19]} 12. Nd4
{[%clk 1:31:14]} Be7 {[%clk 1:32:04]} 13. h4 {[%clk 1:31:25]} h6 {[%clk 1:31:41]}
14. Be3 {[%clk 1:31:35]} Qc7 {[%clk 1:30:24]} 15. g4 {[%clk 1:29:17]} d5
{[%clk 1:30:34]} 16. e5 {[%clk 1:28:40]} Nd7 {[%clk 1:30:59]} 17. f4
{[%clk 1:29:02]} Nc5 {[%clk 1:30:55]} 18. f5 {[%clk 1:13:39]} Ne4
{[%clk 1:27:53]} 19. Qh2 {[%clk 1:12:52]} Bc5 {[%clk 1:27:14]} 20. Kb1
{[%clk 1:10:48]} Qb6 {[%clk 1:26:31]} 21. Bg2 {[%clk 0:53:02]} O-O-O
{[%clk 1:25:51]} 22. Rhe1 {[%clk 0:53:07]} Kb8 {[%clk 1:16:32]} 23. Qg1
{[%clk 0:49:17]} Rc8 {[%clk 1:15:37]} 24. Bxe4 {[%clk 0:18:08]} dxe4
{[%clk 1:15:59]} 25. c3 {[%clk 0:18:33]} Rhd8 {[%clk 1:09:58]} 26. b4
{[%clk 0:14:19]} Bxd4 {[%clk 1:10:03]} 27. Bxd4 Qc7 {[%clk 1:08:43]} 28. Ba7+
{[%clk 0:08:36]} Ka8 {[%clk 1:08:27]} 29. Qc5 {[%clk 0:09:00]} Rxd1+
{[%clk 0:58:15]} 30. Rxd1 {[%clk 0:08:05]} Bd5 {[%clk 0:57:57]} 31. Qxc7
{[%clk 0:08:07]} Rxc7 {[%clk 0:58:25]} 32. Bc5 {[%clk 0:08:05]} e3
{[%clk 0:57:41]} 33. Re1 {[%clk 0:05:34]} exf5 {[%clk 0:58:00]} 34. gxf5
{[%clk 0:06:00]} Be4+ {[%clk 0:58:22]} 35. Kc1 {[%clk 0:06:19]} Bxf5
{[%clk 0:58:29]} 36. Rxe3 {[%clk 0:06:45]} h5 {[%clk 0:58:19]} 37. Rf3
{[%clk 0:06:26]} g6 {[%clk 0:57:39]} 38. Rf4 {[%clk 0:04:36]} 1/2-1/2

[Event "V. Dvorkovich Cup 2015 juniors"]
[Site "Moscow"]
[Date "2015.06.27"]
[Round "5.7"]
[White "Zhang CHN, Jiabao"]
[Black "Golubov Dv.PRL, Saveliy"]
[Result "1-0"]
[LiveChessVersion "1.4.4"]
[BlackElo "2433"]
[WhiteElo "2143"]

1. e4 {[%clk 1:30:52]} e6 {[%clk 1:30:43]} 2. d4 {[%clk 1:30:57]} d5
{[%clk 1:31:05]} 3. e5 {[%clk 1:30:58]} c5 {[%clk 1:31:27]} 4. c3
{[%clk 1:31:22]} Qb6 {[%clk 1:31:44]} 5. Nf3 {[%clk 1:31:36]} Nc6
{[%clk 1:32:07]} 6. Be2 {[%clk 1:32:00]} Nh6 {[%clk 1:27:43]} 7. Bxh6
{[%clk 1:28:50]} gxh6 {[%clk 1:23:30]} 8. Qd2 {[%clk 1:28:53]} Bg7
{[%clk 1:21:16]} 9. O-O {[%clk 1:29:12]} O-O {[%clk 1:21:30]} 10. Na3
{[%clk 1:29:17]} Bd7 {[%clk 1:16:08]} 11. Nc2 {[%clk 1:25:43]} f6
{[%clk 1:16:06]} 12. exf6 {[%clk 1:25:41]} Bxf6 {[%clk 1:13:49]} 13. Qxh6
{[%clk 1:07:30]} Qxb2 {[%clk 0:45:49]} 14. Bd3 {[%clk 1:07:52]} Rf7
{[%clk 0:45:32]} 15. Ne3 {[%clk 1:06:08]} Qxc3 {[%clk 0:40:55]} 16. Ng4
{[%clk 1:05:24]} Qxd3 {[%clk 0:27:49]} 17. Nxf6+ {[%clk 1:05:44]} Kh8
{[%clk 0:28:07]} 18. Ng5 {[%clk 1:06:05]} Rg7 {[%clk 0:27:09]} 19. Nxd7
{[%clk 1:01:20]} Qf5 {[%clk 0:27:05]} 20. f4 {[%clk 0:46:06]} Rxd7
{[%clk 0:27:27]} 21. dxc5 {[%clk 0:46:23]} Re8 {[%clk 0:25:15]} 22. Rae1
{[%clk 0:46:43]} Rde7 {[%clk 0:23:30]} 23. Nf3 {[%clk 0:35:59]} Rg7
{[%clk 0:23:02]} 24. Nh4 {[%clk 0:32:15]} Qf8 {[%clk 0:18:30]} 25. Rxe6
{[%clk 0:28:22]} Qxc5+ {[%clk 0:18:58]} 26. Kh1 {[%clk 0:28:46]} Rxe6
{[%clk 0:19:11]} 27. Qxe6 {[%clk 0:29:08]} Qc4 {[%clk 0:19:20]} 28. Re1
{[%clk 0:26:45]} Qxa2 {[%clk 0:08:46]} 29. f5 {[%clk 0:11:50]} Re7
{[%clk 0:08:40]} 30. Qc8+ {[%clk 0:11:01]} Kg7 {[%clk 0:09:10]} 31. f6+
{[%clk 0:11:09]} Kxf6 {[%clk 0:09:35]} 32. Qf8+ {[%clk 0:11:35]} Kg5
{[%clk 0:09:54]} 33. Qf5+ {[%clk 0:11:41]} Kh6 {[%clk 0:10:15]} 34. Qf6+
{[%clk 0:11:57]} Kh5 {[%clk 0:10:45]} 35. g4+ {[%clk 0:12:16]} Kxg4
{[%clk 0:11:09]} 36. Rg1+ {[%clk 0:12:39]} 1-0

[Event "V. Dvorkovich Cup 2015 juniors"]
[Site "Moscow"]
[Date "2015.06.27"]
[Round "5.8"]
[White "Paramzina Dv.PRL, Anastasya"]
[Black "Hu CHN, Yu A."]
[Result "1-0"]
[LiveChessVersion "1.4.4"]
[BlackElo "1950"]
[WhiteElo "2328"]

1. e4 {[%clk 1:30:37]} c5 {[%clk 1:30:44]} 2. Nf3 {[%clk 1:30:53]} d6
{[%clk 1:31:03]} 3. d4 {[%clk 1:31:18]} cxd4 {[%clk 1:31:26]} 4. Nxd4
{[%clk 1:31:43]} Nf6 {[%clk 1:31:49]} 5. Nc3 {[%clk 1:32:07]} g6 {[%clk 1:32:06]}
6. Be3 {[%clk 1:32:06]} Bg7 {[%clk 1:32:25]} 7. f3 {[%clk 1:32:31]} O-O
{[%clk 1:32:43]} 8. Qd2 {[%clk 1:32:54]} Nc6 {[%clk 1:33:04]} 9. g4
{[%clk 1:33:07]} Nxd4 {[%clk 1:29:44]} 10. Bxd4 {[%clk 1:32:32]} Be6
{[%clk 1:30:02]} 11. Nd5 {[%clk 1:31:23]} Bxd5 {[%clk 1:20:03]} 12. exd5
{[%clk 1:31:29]} Qc7 {[%clk 1:18:04]} 13. h4 {[%clk 1:31:29]} Rac8
{[%clk 1:14:38]} 14. Rh2 {[%clk 1:31:39]} e6 {[%clk 0:59:28]} 15. dxe6
{[%clk 1:30:28]} fxe6 {[%clk 0:59:38]} 16. O-O-O {[%clk 1:29:48]} Qf7
{[%clk 0:50:41]} 17. Kb1 {[%clk 1:16:52]} Nxg4 {[%clk 0:42:08]} 18. fxg4
{[%clk 1:16:07]} Qxf1 {[%clk 0:41:59]} 19. Bxg7 {[%clk 1:15:53]} Kxg7
{[%clk 0:42:26]} 20. Qxd6 {[%clk 1:10:13]} Qf4 {[%clk 0:20:46]} 21. Qd7+
{[%clk 1:06:11]} Rf7 {[%clk 0:20:36]} 22. Qxc8 {[%clk 1:05:52]} Qxh2
{[%clk 0:21:03]} 23. Qc3+ {[%clk 0:28:08]} e5 {[%clk 0:21:10]} 24. g5
{[%clk 0:27:34]} Qe2 {[%clk 0:19:29]} 25. Rc1 {[%clk 0:25:16]} Qe4
{[%clk 0:10:40]} 26. a3 {[%clk 0:24:31]} Qd4 {[%clk 0:08:40]} 27. Qe1
{[%clk 0:23:21]} Rd7 {[%clk 0:07:17]} 28. Qe2 {[%clk 0:23:10]} Re7
{[%clk 0:06:34]} 29. h5 {[%clk 0:22:53]} gxh5 {[%clk 0:06:23]} 30. Qxh5
{[%clk 0:22:48]} Qd6 {[%clk 0:06:45]} 31. Rd1 {[%clk 0:17:20]} Qg6
{[%clk 0:05:49]} 32. Qg4 {[%clk 0:15:57]} Rf7 {[%clk 0:04:07]} 33. Rd8
{[%clk 0:13:33]} Qf5 {[%clk 0:04:20]} 34. Qh4 {[%clk 0:11:39]} Qe6
{[%clk 0:04:28]} 35. b3 Rd7 1-0

[Event "V. Dvorkovich Cup 2015 juniors"]
[Site "Moscow"]
[Date "2015.06.27"]
[Round "5.10"]
[White "Baivab IND, Mishra"]
[Black "Sadikhov AZE, Ulvi"]
[Result "1/2-1/2"]
[LiveChessVersion "1.4.4"]
[BlackElo "2379"]
[WhiteElo "2057"]

1. Nf3 {[%clk 1:30:41]} d5 {[%clk 1:30:56]} 2. c4 {[%clk 1:30:42]} c6
{[%clk 1:30:35]} 3. g3 {[%clk 1:31:01]} Bg4 {[%clk 1:30:43]} 4. Bg2
{[%clk 1:31:12]} e6 {[%clk 1:31:01]} 5. b3 {[%clk 1:29:37]} Nd7 {[%clk 1:30:57]}
6. Bb2 {[%clk 1:29:53]} Ngf6 {[%clk 1:31:05]} 7. O-O {[%clk 1:30:04]} Bd6
{[%clk 1:31:24]} 8. d4 {[%clk 1:30:16]} O-O {[%clk 1:28:53]} 9. Ne5
{[%clk 1:21:24]} Bh5 {[%clk 1:25:52]} 10. Nd2 {[%clk 1:08:32]} Qc7
{[%clk 1:25:09]} 11. Nxd7 {[%clk 1:08:11]} Nxd7 {[%clk 1:21:54]} 12. Re1
{[%clk 1:02:48]} f5 {[%clk 1:17:54]} 13. Qc1 {[%clk 1:01:19]} Rae8
{[%clk 1:05:57]} 14. Ba3 {[%clk 0:55:12]} f4 {[%clk 0:54:11]} 15. Bxd6
{[%clk 0:50:04]} Qxd6 {[%clk 0:54:39]} 16. Qc3 {[%clk 0:47:14]} fxg3
{[%clk 0:37:25]} 17. hxg3 {[%clk 0:46:37]} e5 {[%clk 0:34:57]} 18. cxd5
{[%clk 0:36:14]} cxd5 {[%clk 0:34:18]} 19. dxe5 {[%clk 0:31:53]} Rxe5
{[%clk 0:31:36]} 20. Qd4 {[%clk 0:30:07]} Qc5 {[%clk 0:20:02]} 21. Qxc5
{[%clk 0:25:13]} Nxc5 {[%clk 0:20:31]} 22. f4 {[%clk 0:21:48]} 1/2-1/2

[Event "V. Dvorkovich Cup 2015 juniors"]
[Site "Moscow"]
[Date "2015.06.27"]
[Round "5.11"]
[White "Naghdiyev AZE, Niyazi"]
[Black "Yogit IND, S"]
[Result "1-0"]
[LiveChessVersion "1.4.4"]
[BlackElo "1951"]
[WhiteElo "2250"]

1. d4 {[%clk 1:30:58]} d5 {[%clk 1:30:52]} 2. c4 {[%clk 1:31:23]} e6
{[%clk 1:31:16]} 3. Nc3 {[%clk 1:31:47]} c5 {[%clk 1:31:39]} 4. cxd5
{[%clk 1:32:09]} exd5 {[%clk 1:32:00]} 5. Nf3 {[%clk 1:32:34]} Nc6
{[%clk 1:32:21]} 6. g3 {[%clk 1:32:58]} Nf6 {[%clk 1:32:36]} 7. Bg2
{[%clk 1:33:22]} Be7 {[%clk 1:32:59]} 8. O-O {[%clk 1:33:44]} O-O
{[%clk 1:33:17]} 9. dxc5 {[%clk 1:34:09]} Bxc5 {[%clk 1:33:40]} 10. Bg5
{[%clk 1:34:32]} d4 {[%clk 1:33:38]} 11. Bxf6 {[%clk 1:34:53]} Qxf6
{[%clk 1:34:01]} 12. Ne4 {[%clk 1:35:12]} Qe7 {[%clk 1:33:46]} 13. Nxc5
{[%clk 1:35:34]} Qxc5 {[%clk 1:34:09]} 14. Qd2 {[%clk 1:35:33]} Bg4
{[%clk 1:25:22]} 15. h3 {[%clk 1:24:10]} Bh5 {[%clk 1:20:30]} 16. Rac1
{[%clk 1:20:37]} Qd6 {[%clk 1:17:25]} 17. Rfd1 {[%clk 1:15:41]} Rad8
{[%clk 1:14:50]} 18. Qg5 {[%clk 0:59:19]} Bg6 {[%clk 1:07:42]} 19. a3
{[%clk 0:54:13]} Rfe8 {[%clk 1:01:50]} 20. Qb5 {[%clk 0:46:57]} Qe7
{[%clk 0:58:54]} 21. Rd2 {[%clk 0:45:57]} Be4 {[%clk 0:55:13]} 22. Qc5
{[%clk 0:37:09]} Qf6 {[%clk 0:52:24]} 23. Ne1 {[%clk 0:31:47]} Bxg2
{[%clk 0:44:42]} 24. Kxg2 {[%clk 0:29:04]} Re5 {[%clk 0:39:28]} 25. Qc4
{[%clk 0:26:06]} Rf5 {[%clk 0:38:10]} 26. Nf3 {[%clk 0:20:32]} h5
{[%clk 0:37:58]} 27. Rf1 {[%clk 0:18:05]} Rfd5 {[%clk 0:28:28]} 28. Rfd1
{[%clk 0:15:54]} Ne5 {[%clk 0:23:08]} 29. Nxe5 {[%clk 0:15:35]} Qxe5
{[%clk 0:23:32]} 30. Qd3 {[%clk 0:15:15]} h4 {[%clk 0:22:02]} 31. g4
{[%clk 0:13:08]} Qe6 {[%clk 0:14:26]} 32. Qf3 {[%clk 0:11:27]} f5
{[%clk 0:12:23]} 33. e3 {[%clk 0:07:32]} fxg4 {[%clk 0:11:29]} 34. Qxg4
{[%clk 0:07:45]} Qf6 {[%clk 0:04:23]} 35. Rxd4 {[%clk 0:06:25]} Rg5
{[%clk 0:04:42]} 36. Rxd8+ {[%clk 0:06:51]} Kh7 {[%clk 0:05:01]} 37. R8d4
{[%clk 0:05:51]} Rxg4+ {[%clk 0:05:16]} 38. Rxg4 {[%clk 0:06:00]} Qxb2
{[%clk 0:04:03]} 39. Rd7 {[%clk 0:03:46]} Qxa3 {[%clk 0:01:27]} 40. Rdxg7+
{[%clk 0:33:42]} Kh6 {[%clk 0:31:16]} 41. Rxb7 {[%clk 0:32:10]} Qc5
{[%clk 0:31:07]} 42. Rbb4 {[%clk 0:29:42]} Qd5+ {[%clk 0:30:07]} 43. Kh2
{[%clk 0:30:04]} Qe5+ {[%clk 0:30:23]} 44. Rbf4 {[%clk 0:30:26]} a5
{[%clk 0:30:42]} 45. Rxh4+ {[%clk 0:30:42]} Kg6 {[%clk 0:30:45]} 46. Rhg4+
{[%clk 0:31:01]} Kh6 {[%clk 0:30:54]} 47. Kg1 {[%clk 0:29:09]} Qa1+
{[%clk 0:31:11]} 48. Kg2 {[%clk 0:29:33]} Qe5 {[%clk 0:31:24]} 49. Rg3
{[%clk 0:28:48]} Qe7 {[%clk 0:31:30]} 50. Kh2 {[%clk 0:28:08]} Qd8
{[%clk 0:31:31]} 51. Rg1 {[%clk 0:27:52]} Qd6 {[%clk 0:31:45]} 52. Ra1
{[%clk 0:27:57]} Qe5 {[%clk 0:32:01]} 53. Ra2 {[%clk 0:27:49]} Kg6
{[%clk 0:31:35]} 54. Rc2 {[%clk 0:25:21]} a4 {[%clk 0:30:52]} 55. Rc6+
{[%clk 0:25:40]} Kg7 {[%clk 0:30:37]} 56. Ra6 {[%clk 0:26:04]} Kh7
{[%clk 0:30:40]} 57. Raxa4 {[%clk 0:26:28]} Kg7 {[%clk 0:31:05]} 58. Rad4
{[%clk 0:26:35]} Qc7 {[%clk 0:31:22]} 59. Rd1 {[%clk 0:26:56]} Kh6
{[%clk 0:31:42]} 60. Rg1 {[%clk 0:27:20]} Qd6 {[%clk 0:32:02]} 61. Rg3
{[%clk 0:27:25]} Kh5 {[%clk 0:32:25]} 62. Rf5+ {[%clk 0:27:20]} Kh6
{[%clk 0:32:50]} 63. e4 {[%clk 0:26:44]} Qe6 {[%clk 0:32:55]} 64. Rg4
{[%clk 0:26:41]} Qd6+ {[%clk 0:33:13]} 65. e5 {[%clk 0:26:19]} Qd5
{[%clk 0:33:35]} 66. Rg3 {[%clk 0:26:18]} Qe4 {[%clk 0:33:48]} 67. Rf6+
{[%clk 0:26:38]} Kh7 {[%clk 0:34:13]} 68. Re3 {[%clk 0:26:05]} Qh4
{[%clk 0:34:35]} 69. Rf7+ {[%clk 0:26:16]} Kg8 {[%clk 0:35:03]} 70. e6
{[%clk 0:26:31]} Qh6 {[%clk 0:35:00]} 71. e7 {[%clk 0:25:06]} Qd6+
{[%clk 0:35:08]} 72. Kg2 {[%clk 0:25:25]} Qd5+ {[%clk 0:35:30]} 73. Rff3
{[%clk 0:25:47]} 1-0

[Event "V. Dvorkovich Cup 2015 juniors"]
[Site "Moscow"]
[Date "2015.06.27"]
[Round "5.12"]
[White "Varshini IND, V"]
[Black "Hojjatova AZE, Aydan"]
[Result "0-1"]
[LiveChessVersion "1.4.4"]
[BlackElo "2202"]
[WhiteElo "2126"]

1. e4 {[%clk 1:30:53]} c5 {[%clk 1:30:56]} 2. Nc3 {[%clk 1:31:03]} Nc6
{[%clk 1:31:17]} 3. Nge2 {[%clk 1:31:17]} Nf6 {[%clk 1:31:19]} 4. d3
{[%clk 1:29:35]} d6 {[%clk 1:30:51]} 5. g3 {[%clk 1:29:43]} g6 {[%clk 1:31:11]}
6. Bg2 {[%clk 1:30:07]} Bg7 {[%clk 1:31:35]} 7. O-O {[%clk 1:30:34]} O-O
{[%clk 1:31:47]} 8. f4 {[%clk 1:30:39]} Rb8 {[%clk 1:31:26]} 9. h3
{[%clk 1:29:59]} Nd7 {[%clk 1:31:31]} 10. f5 {[%clk 1:24:53]} b5 {[%clk 1:21:48]}
11. g4 {[%clk 1:22:06]} b4 {[%clk 1:14:54]} 12. Nd5 {[%clk 1:19:54]} e6
{[%clk 1:12:54]} 13. Ndf4 {[%clk 1:06:45]} Nde5 {[%clk 1:03:30]} 14. Ng3
{[%clk 0:57:58]} Nd4 {[%clk 0:44:49]} 15. Nfe2 {[%clk 0:34:21]} Nec6
{[%clk 0:33:10]} 16. g5 {[%clk 0:24:29]} Nxe2+ {[%clk 0:23:14]} 17. Nxe2
{[%clk 0:24:42]} f6 {[%clk 0:21:03]} 18. h4 {[%clk 0:14:53]} Ne5 {[%clk 0:20:25]}
19. Ng3 {[%clk 0:13:54]} fxg5 {[%clk 0:19:27]} 20. Bxg5 {[%clk 0:10:50]} Bf6
{[%clk 0:18:39]} 21. fxg6 {[%clk 0:09:23]} hxg6 {[%clk 0:18:32]} 22. Qd2
{[%clk 0:04:10]} Bxg5 {[%clk 0:17:05]} 23. Rxf8+ {[%clk 0:04:14]} Kxf8
{[%clk 0:17:22]} 24. hxg5 {[%clk 0:04:24]} Kg7 {[%clk 0:12:33]} 25. Rf1
{[%clk 0:04:18]} Rb7 {[%clk 0:11:39]} 26. d4 {[%clk 0:02:02]} cxd4
{[%clk 0:11:27]} 27. Qxd4 {[%clk 0:02:16]} Qb6 {[%clk 0:11:31]} 28. Rd1
{[%clk 0:01:58]} Qxd4+ {[%clk 0:10:50]} 29. Rxd4 {[%clk 0:02:27]} Rb6
{[%clk 0:11:13]} 30. Nf1 {[%clk 0:02:08]} Nf7 {[%clk 0:09:44]} 31. Nd2
{[%clk 0:01:44]} Ba6 {[%clk 0:06:31]} 32. Nc4 {[%clk 0:01:17]} Bxc4
{[%clk 0:05:25]} 33. Rxc4 {[%clk 0:01:43]} Nxg5 {[%clk 0:03:33]} 34. Rc7+
{[%clk 0:02:04]} Kf6 {[%clk 0:04:00]} 35. Rxa7 {[%clk 0:02:26]} Ke5
{[%clk 0:02:28]} 36. Rg7 {[%clk 0:01:04]} Kf4 {[%clk 0:01:25]} 37. Rxg6
{[%clk 0:01:07]} Ra6 {[%clk 0:01:32]} 38. Rf6+ {[%clk 0:01:06]} Kg4
{[%clk 0:01:19]} 39. a3 {[%clk 0:00:38]} bxa3 {[%clk 0:01:40]} 40. bxa3
{[%clk 0:31:07]} Rxa3 {[%clk 0:32:04]} 41. Kf1 {[%clk 0:25:38]} Ra2
{[%clk 0:27:26]} 42. c4 {[%clk 0:02:53]} Rc2 {[%clk 0:26:48]} 43. Rf2
{[%clk 0:01:22]} Rc1+ {[%clk 0:25:34]} 44. Ke2 {[%clk 0:01:47]} Kg3
{[%clk 0:26:00]} 45. Rf8 {[%clk 0:01:43]} Rc2+ {[%clk 0:24:20]} 46. Kf1
{[%clk 0:01:53]} Rxc4 {[%clk 0:23:54]} 47. Rg8 {[%clk 0:01:29]} Kf4
{[%clk 0:23:55]} 48. Rg6 {[%clk 0:01:19]} Ke3 {[%clk 0:19:58]} 49. Kg1
{[%clk 0:01:06]} Rc5 {[%clk 0:20:12]} 50. Rh6 {[%clk 0:00:43]} Re5
{[%clk 0:20:01]} 51. Rh5 {[%clk 0:00:40]} Nf3+ {[%clk 0:17:33]} 52. Bxf3
{[%clk 0:01:05]} Kxf3 {[%clk 0:18:01]} 53. Rh3+ {[%clk 0:00:43]} Kxe4
{[%clk 0:18:19]} 54. Kf2 {[%clk 0:01:10]} Kd4 {[%clk 0:18:45]} 55. Rh4+
{[%clk 0:01:36]} Re4 {[%clk 0:19:02]} 56. Rh1 {[%clk 0:01:53]} d5
{[%clk 0:19:12]} 57. Rc1 {[%clk 0:02:14]} Kd3 {[%clk 0:19:29]} 58. Rd1+
{[%clk 0:02:35]} Kc2 {[%clk 0:19:41]} 59. Ra1 {[%clk 0:03:02]} d4
{[%clk 0:19:56]} 60. Ra2+ {[%clk 0:03:24]} Kb3 {[%clk 0:19:43]} 61. Ra6
{[%clk 0:03:43]} d3 {[%clk 0:19:25]} 62. Rc6 {[%clk 0:03:51]} d2 {[%clk 0:18:30]}
63. Rd6 {[%clk 0:04:17]} Kc2 {[%clk 0:18:54]} 64. Rc6+ {[%clk 0:04:42]} Kd3
{[%clk 0:19:11]} 65. Rd6+ {[%clk 0:05:06]} Rd4 {[%clk 0:19:34]} 66. Rxd4+
{[%clk 0:05:32]} Kxd4 {[%clk 0:20:02]} 67. Ke2 {[%clk 0:05:55]} Kc3
{[%clk 0:20:28]} 68. Kd1 {[%clk 0:06:22]} e5 {[%clk 0:20:55]} 0-1

[Event "V. Dvorkovich Cup 2015 juniors"]
[Site "Moscow"]
[Date "2015.06.27"]
[Round "5.13"]
[White "Barseghyan ARM, Harutyun"]
[Black "Vavulin RUS, Maksim"]
[Result "0-1"]
[LiveChessVersion "1.4.4"]
[BlackElo "2445"]
[WhiteElo "2218"]

1. d4 {[%clk 1:30:53]} Nf6 {[%clk 1:30:54]} 2. c4 {[%clk 1:31:09]} e6
{[%clk 1:31:10]} 3. Nc3 {[%clk 1:31:20]} c5 {[%clk 1:31:35]} 4. d5
{[%clk 1:31:39]} exd5 {[%clk 1:31:59]} 5. cxd5 {[%clk 1:31:59]} d6
{[%clk 1:32:25]} 6. e4 {[%clk 1:32:15]} g6 {[%clk 1:32:50]} 7. Bd3
{[%clk 1:32:39]} Bg7 {[%clk 1:33:04]} 8. h3 {[%clk 1:33:03]} O-O {[%clk 1:33:25]}
9. Nf3 {[%clk 1:33:26]} a6 {[%clk 1:32:12]} 10. a4 {[%clk 1:33:48]} Nbd7
{[%clk 1:32:18]} 11. O-O {[%clk 1:34:05]} Rb8 {[%clk 1:28:56]} 12. Bf4
{[%clk 1:33:19]} Ne8 {[%clk 1:28:33]} 13. Re1 {[%clk 1:30:31]} Qe7
{[%clk 1:27:05]} 14. Bh2 {[%clk 1:25:23]} Nc7 {[%clk 1:20:45]} 15. Bf1
{[%clk 1:20:28]} Rd8 {[%clk 1:13:52]} 16. Qc2 {[%clk 1:13:23]} f6
{[%clk 1:09:52]} 17. Rab1 {[%clk 1:08:17]} Qf8 {[%clk 0:55:50]} 18. b4
{[%clk 1:00:34]} Ra8 {[%clk 0:54:10]} 19. Nd2 {[%clk 0:43:03]} Ne8
{[%clk 0:53:55]} 20. Nc4 {[%clk 0:37:43]} cxb4 {[%clk 0:51:59]} 21. Rxb4
{[%clk 0:38:01]} Nc5 {[%clk 0:52:12]} 22. a5 {[%clk 0:29:05]} f5 {[%clk 0:41:02]}
23. Nb6 {[%clk 0:26:22]} Rb8 {[%clk 0:41:04]} 24. Rc4 {[%clk 0:25:22]} f4
{[%clk 0:39:45]} 25. Nca4 {[%clk 0:23:45]} Nxa4 {[%clk 0:38:48]} 26. Qxa4
{[%clk 0:24:08]} Be5 {[%clk 0:28:26]} 27. Rec1 {[%clk 0:23:02]} Nf6
{[%clk 0:28:32]} 28. Rc7 {[%clk 0:22:54]} Kh8 {[%clk 0:27:15]} 29. Bd3
{[%clk 0:14:57]} Kg8 {[%clk 0:26:20]} 30. R1c2 {[%clk 0:13:45]} Kh8
{[%clk 0:25:23]} 31. f3 {[%clk 0:07:33]} g5 {[%clk 0:23:23]} 32. Kf1
{[%clk 0:07:58]} h5 {[%clk 0:23:28]} 33. Bg1 {[%clk 0:07:54]} g4 {[%clk 0:22:27]}
34. hxg4 {[%clk 0:08:15]} hxg4 {[%clk 0:22:52]} 35. Bf2 {[%clk 0:08:34]} gxf3
{[%clk 0:16:06]} 36. gxf3 {[%clk 0:09:02]} Bh3+ {[%clk 0:16:14]} 37. Ke2
{[%clk 0:09:31]} Ne8 {[%clk 0:15:54]} 38. Nd7 {[%clk 0:04:59]} Bxd7
{[%clk 0:03:59]} 39. Rxd7 {[%clk 0:05:23]} Qh6 {[%clk 0:04:21]} 40. Re7
{[%clk 0:32:07]} Nf6 {[%clk 0:32:47]} 41. Rc1 {[%clk 0:29:34]} Rg8
{[%clk 0:30:25]} 42. Rxe5 {[%clk 0:21:08]} dxe5 {[%clk 0:30:40]} 43. Qa1
{[%clk 0:21:37]} Rbe8 {[%clk 0:24:03]} 44. Rh1 {[%clk 0:21:03]} Nh5
{[%clk 0:24:27]} 45. Rh4 {[%clk 0:21:24]} Rg5 {[%clk 0:22:42]} 46. Qh1
{[%clk 0:20:54]} Kg7 {[%clk 0:21:56]} 47. Qh3 {[%clk 0:20:19]} Qg6
{[%clk 0:20:51]} 48. Bc4 {[%clk 0:14:42]} Nf6 {[%clk 0:19:07]} 49. Kf1
{[%clk 0:06:30]} Qf7 {[%clk 0:16:33]} 50. Bb6 {[%clk 0:04:11]} Rg3
{[%clk 0:16:02]} 51. Qf5 {[%clk 0:03:15]} Rxf3+ {[%clk 0:16:08]} 52. Ke2
{[%clk 0:03:44]} Rc3 {[%clk 0:15:42]} 53. Bd3 {[%clk 0:03:39]} Qg6
{[%clk 0:15:45]} 54. Qxg6+ {[%clk 0:02:53]} Kxg6 {[%clk 0:16:14]} 55. Kd2
{[%clk 0:03:04]} Ra3 {[%clk 0:15:43]} 56. Rh1 {[%clk 0:03:18]} Rc8
{[%clk 0:15:10]} 57. Rg1+ {[%clk 0:03:43]} Kf7 {[%clk 0:15:29]} 58. Rb1
{[%clk 0:04:06]} Ra2+ {[%clk 0:15:15]} 59. Ke1 {[%clk 0:04:19]} Rh8
{[%clk 0:14:20]} 60. Bg1 {[%clk 0:04:13]} Rh1 {[%clk 0:14:41]} 61. Kf1
{[%clk 0:04:00]} Ng4 {[%clk 0:14:40]} 0-1

[Event "V. Dvorkovich Cup 2015 juniors"]
[Site "Moscow"]
[Date "2015.06.27"]
[Round "5.14"]
[White "Khanin RUS, Semen"]
[Black "Yayloyan ARM, Konstantin"]
[Result "1-0"]
[LiveChessVersion "1.4.4"]
[BlackElo "2171"]
[WhiteElo "2405"]

1. e4 {[%clk 1:30:58]} e6 {[%clk 1:30:38]} 2. d4 {[%clk 1:31:18]} d5
{[%clk 1:31:03]} 3. e5 {[%clk 1:31:37]} c5 {[%clk 1:31:11]} 4. c3
{[%clk 1:32:03]} Nc6 {[%clk 1:31:31]} 5. Nf3 {[%clk 1:32:27]} Nh6
{[%clk 1:31:31]} 6. Na3 {[%clk 1:31:33]} cxd4 {[%clk 1:29:43]} 7. cxd4
{[%clk 1:31:58]} Bxa3 {[%clk 1:28:15]} 8. bxa3 {[%clk 1:31:57]} Qa5+
{[%clk 1:17:28]} 9. Qd2 {[%clk 1:30:27]} Nf5 {[%clk 1:06:00]} 10. Bb2
{[%clk 1:24:49]} Qxd2+ {[%clk 1:01:23]} 11. Kxd2 {[%clk 1:24:38]} Na5
{[%clk 0:59:04]} 12. Rc1 {[%clk 1:23:33]} Bd7 {[%clk 0:58:55]} 13. Bd3
{[%clk 1:22:36]} Bc6 {[%clk 0:42:04]} 14. Rc5 {[%clk 1:05:58]} b6
{[%clk 0:39:52]} 15. Rc2 {[%clk 1:04:46]} h6 {[%clk 0:37:23]} 16. Rhc1
{[%clk 1:01:29]} Kd7 {[%clk 0:37:07]} 17. Bxf5 {[%clk 0:49:52]} Nc4+
{[%clk 0:36:04]} 18. Rxc4 {[%clk 0:50:11]} dxc4 {[%clk 0:36:33]} 19. Bb1
{[%clk 0:49:23]} b5 {[%clk 0:35:12]} 20. Ke3 {[%clk 0:49:37]} Bd5
{[%clk 0:33:41]} 21. Nd2 {[%clk 0:46:38]} Rhc8 {[%clk 0:33:40]} 22. Ne4
{[%clk 0:46:24]} Ke7 {[%clk 0:29:46]} 23. Nd6 {[%clk 0:41:53]} Rcb8
{[%clk 0:29:12]} 24. Bc3 {[%clk 0:39:47]} a5 {[%clk 0:27:08]} 25. Bd2
{[%clk 0:40:08]} Ra7 {[%clk 0:20:41]} 26. Be4 {[%clk 0:38:17]} g6
{[%clk 0:13:10]} 27. Rb1 {[%clk 0:36:15]} b4 {[%clk 0:11:45]} 28. axb4
{[%clk 0:35:01]} c3 {[%clk 0:10:42]} 29. Bxc3 {[%clk 0:33:48]} Bxa2
{[%clk 0:10:56]} 30. Rb2 {[%clk 0:34:05]} axb4 {[%clk 0:11:06]} 31. Rxb4
{[%clk 0:33:43]} Rxb4 {[%clk 0:10:51]} 32. Bxb4 {[%clk 0:34:07]} Ra4
{[%clk 0:10:46]} 33. Bc5 {[%clk 0:33:50]} Kf8 {[%clk 0:10:42]} 34. Nf5+
{[%clk 0:32:07]} Kg8 {[%clk 0:10:58]} 35. Nxh6+ {[%clk 0:32:29]} Kg7
{[%clk 0:11:27]} 36. Ng4 {[%clk 0:32:50]} Bc4 {[%clk 0:11:31]} 37. h4
{[%clk 0:32:11]} Ra2 {[%clk 0:11:49]} 38. Nf6 {[%clk 0:31:39]} Re2+
{[%clk 0:11:55]} 39. Kf3 {[%clk 0:32:03]} Re1 {[%clk 0:12:03]} 40. g4
{[%clk 1:02:00]} Be2+ {[%clk 0:42:16]} 41. Kf4 {[%clk 1:01:52]} 1-0